|
|
|
|
| LEADER |
01789nam a2200409Ia 4500 |
| 001 |
EBC677833 |
| 003 |
MiAaPQ |
| 005 |
20200520144314.0 |
| 006 |
m o d | |
| 007 |
cr cn||||||||| |
| 008 |
071026s2007 caua sb 001 0 eng d |
| 010 |
|
|
|z 2007044330
|
| 020 |
|
|
|z 9781598743098 (hardback : alk. paper)
|
| 020 |
|
|
|z 9781598743104 (pbk. : alk. paper)
|
| 035 |
|
|
|a (MiAaPQ)EBC677833
|
| 035 |
|
|
|a (Au-PeEL)EBL677833
|
| 035 |
|
|
|a (CaPaEBR)ebr10415994
|
| 035 |
|
|
|a (OCoLC)694142675
|
| 040 |
|
|
|a MiAaPQ
|c MiAaPQ
|d MiAaPQ
|
| 050 |
|
4 |
|a DU423.M42
|b D43 2007
|
| 082 |
0 |
4 |
|a 363.6/908999442
|2 22
|
| 245 |
0 |
0 |
|a Decolonizing conservation
|h [electronic resource] :
|b caring for Maori meeting houses outside New Zealand /
|c Dean Sully, editor.
|
| 260 |
|
|
|a Walnut Creek, Calif. :
|b Left Coast Press,
|c c2007.
|
| 300 |
|
|
|a 272 p. :
|b ill.
|
| 490 |
1 |
|
|a Publications of the Institute of Archaeology, University College London
|
| 504 |
|
|
|a Includes bibliographical references and index.
|
| 533 |
|
|
|a Electronic reproduction. Ann Arbor, MI : ProQuest, 2015. Available via World Wide Web. Access may be limited to ProQuest affiliated libraries.
|
| 650 |
|
0 |
|a Architecture, Maori
|x Protection
|v Case studies.
|
| 650 |
|
0 |
|a Wood-carving, Maori
|x Protection
|v Case studies.
|
| 650 |
|
0 |
|a Maori (New Zealand people)
|x Material culture
|x Protection
|v Case studies.
|
| 650 |
|
0 |
|a Cultural property
|x Protection
|z New Zealand
|v Case studies.
|
| 655 |
|
4 |
|a Electronic books.
|
| 700 |
1 |
|
|a Sully, Dean.
|
| 710 |
2 |
|
|a University College, London.
|b Institute of Archaeology.
|
| 710 |
2 |
|
|a ProQuest (Firm)
|
| 830 |
|
0 |
|a Publications of the Institute of Archaeology, University College London.
|
| 856 |
4 |
0 |
|u https://ebookcentral.proquest.com/lib/matrademy/detail.action?docID=677833
|z Click to View
|